000 00534nam a2200169 i 4500
001 56222
003 ES-MaACL
005 20230906163318.0
007 t|
008 031006s1965 sp ||||1| spa d
100 1 _aDíaz-Trechuelo, María Lourdes.
_944439
245 1 0 _aNavegantes y conquistadores vascos /
_cMª Lourdes Díaz-Trechuelo.
260 _aMadrid :
_bPublicaciones Españolas,
_c1965.
300 _a146 p., 6 lám. :
_b1 map. ;
_c21 cm.
852 _aES-MaACL
_jC-28756
_bR.57937
852 _aES-MaACL
_jC-28484
_bR.57829
999 _c56222
_d56222